Koleszterin típusú folyadékkristályok szintézise és elválasztástechnikai problémája

Elmentve itt :
Bibliográfiai részletek
Szerző: Szőllősi Istvánné Varga Ilona
További közreműködők: Matkovics Béla (Témavezető)
Dokumentumtípus: Disszertáció
Megjelent: 1974
Kulcsszavak:Biokémia
Tárgyszavak:
Online Access:http://doktori.ek.szte.hu/8121
LEADER 00778nta a2200205 i 4500
001 dokt8121
005 20221107160418.0
008 221107s1974 hu om 0|| hun d
040 |a SZTE Doktori Repozitórium  |b hun 
041 |a hun 
100 2 |a Szőllősi Istvánné Varga Ilona 
245 1 0 |a Koleszterin típusú folyadékkristályok szintézise és elválasztástechnikai problémája  |h [elektronikus dokumentum] /  |c  Szőllősi Istvánné Varga Ilona 
260 |c 1974 
502 |a Disszertacio 
650 4 |a biológiai tudományok 
650 4 |a Természettudományok 
650 4 |a Biológiai tudományok 
695 |a Biokémia 
700 1 |a Matkovics Béla  |e ths 
856 4 0 |u https://doktori.bibl.u-szeged.hu/id/eprint/8121/1/1974_szollosi_istvanne_varga_ilona.pdf  |z Dokumentum-elérés